书目信息 |
| 题名: |
开心谜语小百科
|
|
| 作者: | 高伟杰 编著 | |
| 分册: | 人体医疗 | |
| 出版信息: | 北京 中国社会出版社 2010.03 |
|
| 页数: | 167页 | |
| 开本: | 19cm | |
| 丛书名: | ||
| 单 册: | ||
| 中图分类: | R32-49 , I277.8 | |
| 科图分类: | ||
| 主题词: | 谜语--mi yu--中国--汇编 , 医学--yi xue--普及读物 , 人体--ren ti--普及读物 | |
| 电子资源: | ||
| ISBN: | 978-7-5087-3017-2 | |
| 000 | 00912nam0 2200277 450 | |
| 001 | 012010814404 | |
| 005 | 20100806090734.19 | |
| 010 | @a978-7-5087-3017-2@dCNY10.00 | |
| 100 | @a20100806d2010 em y0chiy0120 ea | |
| 101 | 0 | @achi |
| 102 | @aCN@b110000 | |
| 105 | @aa z 000yy | |
| 106 | @ar | |
| 200 | 1 | @a开心谜语小百科@Akai xin mi yu xiao bai ke@i人体医疗@f高伟杰编著@Fgao wei jie bian zhu |
| 210 | @a北京@c中国社会出版社@d2010.03 | |
| 215 | @a167页@c图@d19cm | |
| 330 | @a本书的主要内容包括:头发、大脑、面孔、眉毛、眼睛、睫毛、鼻子、耳朵、舌头、牙齿、咽喉、心脏、做梦、呼吸、口罩等。 | |
| 517 | 1 | @a人体医疗@Aren ti yi liao |
| 606 | 0 | @a谜语@Ami yu@y中国@j汇编 |
| 606 | 0 | @a医学@Ayi xue@j普及读物 |
| 606 | 0 | @a人体@Aren ti@j普及读物 |
| 690 | @aR32-49@v4 | |
| 690 | @aI277.8@v4 | |
| 701 | 0 | @a高伟杰@Agao wei jie@4编著 |
| 801 | 0 | @aCN@bQSSK@c20100806 |
| 905 | @b786285-87@dR32-49@eG182@f3 | |
| 开心谜语小百科.人体医疗/高伟杰编著.-北京:中国社会出版社,2010.03 |
| 167页:图;19cm |
| ISBN 978-7-5087-3017-2:CNY10.00 |
| 本书的主要内容包括:头发、大脑、面孔、眉毛、眼睛、睫毛、鼻子、耳朵、舌头、牙齿、咽喉、心脏、做梦、呼吸、口罩等。 |
| ● |
| 相关链接 |
|
|
|
正题名:开心谜语小百科
索取号:R32-49/G182
 
预约/预借
| 序号 | 登录号 | 条形码 | 馆藏地/架位号 | 状态 | 备注 |
| 1 | 786285 | 207862856 | 自科库401/401自科库 13排4列4层/ [索取号:R32-49/G182] | 在馆 | |
| 2 | 786286 | 207862865 | 自科库401/401自科库 13排4列4层/ [索取号:R32-49/G182] | 在馆 | |
| 3 | 786287 | 207862874 | 自科库401/401自科库 13排4列4层/ [索取号:R32-49/G182] | 在馆 |